Statistics for Colors yay!

Click here to take the quiz!

General Stats

  • This quiz has been taken 46 times
    (37 since last reset)
  • The average score is 13 of 14

Answer Stats

Hintcolor% Correct
darkblack
100%
waterblue
100%
chocolatebrown
100%
storm cloudgray
100%
grassgreen
100%
orangeorange
100%
applered
100%
cloudwhite
100%
lemomyellow
100%
patrick starpink
96%
royaltypurple
96%
peachpeach
88%
rhymes with sealteal
84%
old navynavy
76%

Score Distribution

Percentile by Number Answered

Percent of People with Each Score

Your Score History

You have not taken this quiz since the last reset